| 000 | 00536nam a2200193Ia 4500 | ||
|---|---|---|---|
| 005 | 20260120124528.0 | ||
| 008 | 008 260114s9999 xx 000 0 eng d | ||
| 020 | _a9781785606410 | ||
| 037 | _aEBOOK | ||
| 040 |
_aCRL _beng _cCRL |
||
| 041 |
_aeng _2eng |
||
| 084 | _qCRL | ||
| 100 |
_aTaranza T. Ganziro _9907446 |
||
| 245 | 4 | _aThe Exorbitant Burden | |
| 260 |
_bEmerald Publishing _c2016 |
||
| 856 | _uhttps://www.emerald.com/insight/publication/doi/10.1108/9781785606403 | ||
| 942 | _cEBOOK | ||
| 999 |
_c1499225 _d1499225 |
||